| 000 | 00568nam a2200229Ia 4500 | ||
|---|---|---|---|
| 003 | OSt | ||
| 005 | 20250625141515.0 | ||
| 008 | 210423s2014 xx 000 0 und d | ||
| 020 | _a978-93-5084-515-8 | ||
| 040 | _cAL | ||
| 041 | _aeng | ||
| 082 |
_a001.42 SHAR _223 _bSHAR |
||
| 100 |
_aAnshuman Sharma _9103786 |
||
| 245 | _aResearch methodology | ||
| 260 |
_aNew Delhi _bCentrum Press _c2014 |
||
| 300 |
_a299 _bHB |
||
| 365 |
_b1800 _cINR |
||
| 650 |
_aGeneral _9103787 |
||
| 650 |
_aResearch _9103788 |
||
| 906 | _amethodology ; Research | ||
| 942 |
_2ddc _cBK |
||
| 999 |
_c166092 _d166092 |
||